000 00609nam a2200265Ia 4500
005 20260121170047.0
008 008 260114s9999 xx 000 0 eng d
020 _a9781484223857
037 _aEBOOK
040 _aCRL
040 _beng
040 _cCRL
041 _2eng
041 _aeng
084 _qCRL
100 _aPaul Gerrard
_91059329
245 0 _aLean Python
260 _bSpringer
260 _bSpringer
260 _c2016
856 _uhttps://link.springer.com/openurl?genre=book&isbn=978-1-4842-2385-7
942 _cEBOOK
999 _c1625058
_d1625058